|
|
|
|
| LEADER |
01416nam a2200361 a 4500 |
| 001 |
17620 |
| 003 |
BD-DhAAL |
| 005 |
20140522101505.0 |
| 008 |
140522r1988 ilua b 001 0 eng d |
| 010 |
|
|
|a 87035846
|
| 020 |
|
|
|a 0226530132 (alk. paper)
|
| 020 |
|
|
|a 0226530140 (pbk. : alk. paper)
|
| 040 |
|
|
|a DLC
|c DLC
|d DLC
|d BD-DhAAL
|
| 041 |
|
|
|a eng
|
| 043 |
|
|
|a n-us---
|
| 050 |
0 |
0 |
|a LC1756
|b .R43 1988
|
| 082 |
0 |
0 |
|a 376/.65/0973
|2 19
|
| 245 |
0 |
0 |
|a Reconstructing the academy :
|b women's education and women's studies /
|c edited by Elizabeth Minnich, Jean O'Barr, and Rachel Rosenfeld.
|
| 260 |
|
|
|a Chicago :
|b University of Chicago Press,
|c 1988.
|
| 300 |
|
|
|a vii, 312 p. :
|b ill. ;
|c 24 cm.
|
| 500 |
|
|
|a Selection of essays originally appearing in Signs.
|
| 504 |
|
|
|a Includes bibliographies and index.
|
| 541 |
|
|
|e 17620
|
| 650 |
|
0 |
|a Women
|x Education (Higher)
|z United States.
|9 4657
|
| 650 |
|
0 |
|a Women's studies
|z United States.
|9 4658
|
| 650 |
|
0 |
|a Women's colleges
|z United States.
|9 4659
|
| 700 |
1 |
|
|a Minnich, Elizabeth Kamarck.
|9 4660
|
| 700 |
1 |
|
|a O'Barr, Jean F.
|9 4613
|
| 700 |
1 |
|
|a Rosenfeld, Rachel.
|9 4661
|
| 730 |
0 |
|
|a Signs.
|9 4568
|
| 942 |
|
|
|2 ddc
|c BK
|
| 999 |
|
|
|c 14371
|d 14371
|
| 952 |
|
|
|0 0
|1 0
|2 ddc
|4 0
|6 376_650973000000000_REC
|7 0
|9 24355
|a BRACUL
|b BRACUL
|c GEN
|d 2014-05-22
|l 0
|o 376.650973 REC
|p 3010017620
|r 2014-05-22
|t 1
|w 2014-05-22
|y BK
|x Transferred from ENH to Ayesha Abed library on 20/12/2023
|